Deutsche Städte - ins Englische übersetzt - Statistiken

Allgemein
  • Dieses Quiz wurde 3.539 mal gespielt
  • Das Durchschnittsergebnis liegt bei 14 aus 24
Antwortstatistiken
Englisch Deutsch % Korrekt
Food Essen
99%
Manhome Mannheim
93%
Eyecastle Augsburg
91%
Keel Kiel
89%
Rainscastle Regensburg
89%
Brownshutup Braunschweig
86%
Twobridges Zweibrücken
77%
Upperhousing Oberhausen
76%
Theremouth Dortmund
71%
Spicecastle Würzburg
68%
Charlesrest Karlsruhe
65%
Countrieshat Landshut
60%
Heavyin Schwerin
60%
Winning Siegen
59%
Griffinsforest Greifswald
50%
Weather (Dysentery) Wetter (Ruhr)
48%
Ironhutstown Eisenhüttenstadt
45%
Meadowbathing Wiesbaden
40%
Pouring Giessen
37%
Colontown Darmstadt
25%
Herivercrossing Erfurt
24%
Court Hof
24%
Boobielake-Newtown Titisee-Neustadt
22%
Acquiring Erlangen
13%
Keine übereinstimmenden Quizze gefunden
Verteilung der Resultate
Anzahl Personen mit jedem Resultat
Perzentil nach korrekt beantworteten Fragen
Ihre Resultats-Entwicklung
Sie haben dieses Quiz noch nicht gespielt